MENCARI MR. CHARMING / (Record no. 189584)
[ view plain ]
| 000 -LEADER | |
|---|---|
| fixed length control field | 01367pam a2200469 i 4500 |
| 001 - CONTROL NUMBER | |
| control field | vtls000736207 |
| 003 - CONTROL NUMBER IDENTIFIER | |
| control field | PNM |
| 005 - DATE AND TIME OF LATEST TRANSACTION | |
| control field | 20221219155729.0 |
| 008 - FIXED-LENGTH DATA ELEMENTS--GENERAL INFORMATION | |
| fixed length control field | 140317s2014 my e 000 f may |
| 015 ## - NATIONAL BIBLIOGRAPHY NUMBER | |
| National bibliography number | M14-08907 |
| 020 ## - INTERNATIONAL STANDARD BOOK NUMBER | |
| International Standard Book Number | 9789673651887 |
| Qualifying information | paperback |
| Terms of availability | RM0.00 |
| 039 #9 - LEVEL OF BIBLIOGRAPHIC CONTROL AND CODING DETAIL [OBSOLETE] | |
| Level of rules in bibliographic description | 201704112207 |
| Level of effort used to assign nonsubject heading access points | zaleha |
| Level of effort used to assign subject headings | 201411111508 |
| Level of effort used to assign classification | nooraini |
| Level of effort used to assign subject headings | 201410161230 |
| Level of effort used to assign classification | azeantie |
| Level of effort used to assign subject headings | 201410161053 |
| Level of effort used to assign classification | azeantie |
| 040 ## - CATALOGING SOURCE | |
| Original cataloging agency | BNM |
| Language of cataloging | eng |
| Transcribing agency | BNM |
| Modifying agency | PNM |
| -- | BNM |
| -- | PPAK |
| Description conventions | rda |
| 049 ## - LOCAL HOLDINGS (OCLC) | |
| Holding library | klpmal |
| 082 04 - DEWEY DECIMAL CLASSIFICATION NUMBER | |
| Classification number | 899.2333 |
| Edition number | 23 |
| 090 00 - LOCALLY ASSIGNED LC-TYPE CALL NUMBER (OCLC); LOCAL CALL NUMBER (RLIN) | |
| Classification number (OCLC) (R) ; Classification number, CALL (RLIN) (NR) | 899.2333 |
| Feature heading | ANN |
| Feature heading | G |
| 100 0# - MAIN ENTRY--PERSONAL NAME | |
| Personal name | Anna Lee, |
| Relator term | author. |
| 245 10 - TITLE STATEMENT | |
| Title | MENCARI MR. CHARMING / |
| Statement of responsibility, etc. | Anna Lee |
| 264 #1 - PRODUCTION, PUBLICATION, DISTRIBUTION, MANUFACTURE, AND COPYRIGHT NOTICE | |
| Place of production, publication, distribution, manufacture | Kuala Lumpur : |
| Name of producer, publisher, distributor, manufacturer | Fajar Pakeer Sdn. Bhd., |
| Date of production, publication, distribution, manufacture, or copyright notice | 2014 |
| 300 ## - PHYSICAL DESCRIPTION | |
| Extent | 662 pages : |
| Dimensions | 18 cm |
| 336 ## - CONTENT TYPE | |
| Content type term | text |
| Source | rdacontent |
| 337 ## - MEDIA TYPE | |
| Media type term | unmediated |
| Source | rdamedia |
| 338 ## - CARRIER TYPE | |
| Carrier type term | volume |
| Source | rdacarrier |
| 650 10 - SUBJECT ADDED ENTRY--TOPICAL TERM | |
| Topical term or geographic name entry element | Malaysian fiction (Malay) |
| Topical term or geographic name entry element | Malay fiction |
| 942 ## - ADDED ENTRY ELEMENTS (KOHA) | |
| Source of classification or shelving scheme | Dewey Decimal Classification |
| Koha item type | Book |
| 949 ## - LOCAL PROCESSING INFORMATION (OCLC) | |
| 6 | 2000080584 |
| a | 899.2333 ANN M |
| e | 2233458 |
| 6 | 2000080583 |
| a | 899.2333 ANN M |
| e | 2233457 |
| 6 | 1001216564 |
| 6 | 1001216565 |
| s | 2101:20170711 |
| 6 | 1001216566 |
| 6 | 1001216567 |
| 6 | 1001216568 |
| 6 | 1001216569 |
| 6 | 1001216570 |
| 6 | 1001216571 |
| 6 | 1001216572 |
| 6 | 1001216573 |
| 6 | 1001216574 |
| s | 6700:20220223 |
| 6 | 1001216575 |
| 6 | 1001216576 |
| Withdrawn | Not for loan | Current library | Shelving location | Date acquired | Total Checkouts | Total Renewals | Full call number | Barcode | Date last seen | Date last checked out | Koha item type |
|---|---|---|---|---|---|---|---|---|---|---|---|
| Perpustakaan Alor Setar | Pinjaman Dewasa | 11/12/2022 | 6 | 2 | 899.2333 ANN | A00746879 | 06/04/2025 | 20/02/2025 | Book |